| Registos Bibliográficos associados ao registo de autoridade |
|
Etiqueta de registo: 00254nam 2200025 450 001 2283247 003 http://id.bnportugal.gov.pt/bib/catbnp/2283247 010 ## $a978-989-9225-45-9 021 ## $aPT$b559531/26 100 ## $a20260330d2026 m y0pory01030103ba 101 1# $apor$cspa 102 ## $aPT 105 ## $aa z 000yy 106 ## $ar 200 1# $a A feliz e violenta vida de Maribel Ziga$fItziar Ziga$gtrad. Margarida Amado Acosta$gdes. Fátima Moreno 205 ## $a1ª ed 210 #9 $aLisboa$cOrfeu Negro,$d2026 215 ## $a157, [2] p.$cil.$d18 cm 304 ## $aTít. orig.: La feliz y violenta vida de Maribel Ziga 700 #1 $aZiga,$bItziar$31994267 702 #1 $aAcosta,$bMargarida$4730$31310077 702 #1 $aMoreno,$bFátima,$f1980-$4440$31994268 801 #0 $aPT$bBN$gRPC 966 ## $lBN$mFGMON$x1 966 ## $lBN$mFGMON$x1 971 ## $corlando$d20260330
|
|
|